000 00448nam a2200157 a 4500
005 20140412111302.0
008 001115s19uu xx 00 eng d
020 _a0-86163-631-7
050 _aM 634
_bBu988 1990
100 _aButterworth, Christine
245 _aFruit /
_cChristine Butterworth ; illustrated by Barbara Walker.
260 _aNottinghamshire :
_bAward Pub,
_c1993.
300 _a25 p. ; ill.
650 _aFruit
999 _c103439
_d103439